| 000 | 00666nam a2200229Ia 4500 | ||
|---|---|---|---|
| 005 | 20241216005916.0 | ||
| 008 | 180423s9999||||xx |||||||||||||| ||und|| | ||
| 020 | _a968-24-2673-1 | ||
| 082 |
_a003.3 _bS47 |
||
| 100 | _aSHANNON, ROBERT E. | ||
| 245 | 0 |
_aSIMULACION DE SISTEMAS _bDISEÑO, DESARROLLO E IMPLANTACION |
|
| 250 | _a0 | ||
| 260 |
_aMEXICO D.F.-MEXICO _bTRILLAS S.A. _c1999 |
||
| 300 |
_a427 pag. _c23 cm |
||
| 341 | _h101 | ||
| 490 |
_v0 _a0 |
||
| 505 | _aMETODOS/SIMULACION/COMPUTADORAS/PLANEACION/ANALISIS/TABLAS E | ||
| 541 |
_aC _bLIBRERIA SAN CRISTOBAL _d23-Sep-02 _odólar |
||
| 650 | _aOBRAS GENERALES | ||
| 856 | _zHumanidades | ||
| 942 | _cLIBRO | ||
| 999 |
_c368 _d368 |
||